00578nmm a2200169Ia 4500008004100000020001800041041000800059100003100067245008400098264008400182300001700266490002300283650002700306856005100333942000700384999001700391251105s9999||||xx |||||||||||||||||und|| a9788437097121 aspa aBigné Alcañiz, Enrique 0aFronteras de la investigación en marketing :b Hacia la unión disciplinaria a[Madrid, España] :bPublicaciones de la Universidad de Valencia (PUV), c2015 a60 páginas aCiències socials aEconomics and Business uhttps://public.digitaliapublishing.com/a/44401 cCF c82690d82690